000
00262nam a22001217a 4500
040
_c
338
082
_a
338 ROB 1994 C083
100
_a
ROBERT CASSEN
245
_a
Does aid work
260
_a
Phnom Penh
_b
ROB
_c
1994
300
_a
317p.
_b
ill.
_c
29cm.
942
_c
EK
999
_c
11067
_d
11067